5 A.M. क्लब (Record no. 357220)

MARC details
000 -LEADER
fixed length control field 00295 a2200121 4500
005 - DATE AND TIME OF LATEST TRANSACTION
control field 20240408172034.0
008 - FIXED-LENGTH DATA ELEMENTS--GENERAL INFORMATION
fixed length control field 240408b |||||||| |||| 00| 0 eng d
020 ## - INTERNATIONAL STANDARD BOOK NUMBER
International Standard Book Number 9789388423441
100 ## - MAIN ENTRY--PERSONAL NAME
Author Sharma R.
245 ## - TITLE STATEMENT
Title 5 A.M. क्लब
260 ## - PUBLICATION, DISTRIBUTION, ETC.
Name of publisher, distributor, etc. Jaico Publishing House
Date of publication, distribution, etc. 2018
942 ## - ADDED ENTRY ELEMENTS (KOHA)
Koha item type Books
Holdings
Withdrawn status Lost status Source of classification or shelving scheme Damaged status Not for loan Home library Current library Date acquired Vendor Net Price Total Checkouts Full call number Barcode Date last seen Date last checked out Actual Price Bill Date Koha item type
    Dewey Decimal Classification     Cummins College of Engineering for Women Pune Cummins College of Engineering for Women Pune 05/03/2024 87 280.00 2 891.463 SHA CCEP-BK-66706 16/12/2025 28/11/2025 350.00 05/03/2024 Books